Language Quiz

Random Language or Spanish Quiz

Spanish Vocabulary-uses of tener Quiz Stats

 Plays Quiz not verified by Sporcle

Challenge
Share
Tweet
Embed
Score 0/14 Timer 10:00
0 Plays Today
Hint Answer % Correct
to be hottener calor
90.9%
to have to tener que
90.9%
to be cold tener frío
81.8%
to be… years old tener… años
72.7%
to be carefultener cuidado
72.7%
to be successful tener éxito
72.7%
to be right tener razón
72.7%
Hint Answer % Correct
to be wrong no tener razón
72.7%
to be sleepy tener sueño
72.7%
to feel like tener ganas de
63.6%
to be afraid tener miedo
63.6%
to be in a hurry tener prisa
63.6%
to be thirstytener sed
54.5%
to be lucky tener suerte
45.5%

You're not logged in!

Compare scores with friends on all Sporcle quizzes.
Join for Free
OR
Log In

You Might Also Like...

Show Comments

Extras

Top Quizzes Today


Score Distribution

Your Account Isn't Verified!

In order to create a playlist on Sporcle, you need to verify the email address you used during registration. Go to your Sporcle Settings to finish the process.

Report this User

Report this user for behavior that violates our Community Guidelines.

Details: